| 000 -ლიდერი |
| ფიქსირებული სიგრძის საკონტროლო ველი |
01144nam a2200229Ia 4500 |
| 001 - საკონტროლო ნომერი |
| საკონტროლო ველი |
19970 |
| 003 - საკონტროლო ნომრის იდენტიფიკატორი |
| საკონტროლო ველი |
GE_BSU |
| 005 - ბოლო ოპერაციის თარიღი და დრო |
| საკონტროლო ველი |
20200523000747.0 |
| 008 - ფიქსირებული სიგრძის მონაცემთა ელემენტები - ზოგადი ინფორმაცია |
| ფიქსირებული სიგრძის საკონტროლო ველი |
181216s2002||||ge |||||||||||||| ||geo|| |
| 020 ## - წიგნის საერთაშორისო სტანდარტული ნომერი |
| International Standard Book Number |
99928-58-48-6; 99928-58-55-9 (III ტომი) |
| 040 ## - კატალოგიზაციის წყარო |
| Transcribing agency |
GE_BSU |
| 080 ## - უნივერსალური ათობითი კლასიფიკაციის ინდექსი |
| Universal Decimal Classification number |
81'374.822=353.32=353.1 |
| 100 ## - მთავარი ჩანაწერი - პიროვნების სახელი |
| Personal name |
ქაჯაია, ოთარ |
| 9 (RLIN) |
8161 |
| 245 ## - ცნობა სათაურის შესახებ |
| Title |
მეგრულ-ქართული ლექსიკონი ტ. 3 : (ტ - ჰ) = Megrelian-Georgian dictionary / |
| Statement of responsibility, etc |
ოთარ ქაჯაია ; სარედ. საბჭ. ც. ბარბაქაძე და სხვ. ; ტომის რედ. ზ. სარჯველაძე. |
| 264 ## - წარმოების, გამოცემის, დისტრიბუციის და სხვა ცნობები |
| გამოცემის, წარმოების, დისტრიბუციის... ადგილი |
თბილისი : |
| გამოცემის, წარმოების, დისტრიბუციის... სახელწოდება |
ნეკერი, |
| გამოცემის, წარმოების, დისტრიბუციის... თარიღი |
2002. |
| 300 ## - ფიზიკური აღწერა |
| Extent |
660 გვ. ; |
| Dimensions |
29 სმ. |
| 490 ## - სერიის ცნობა |
| Series statement |
ქართველოლოგიური ბიბლიოთეკა |
| 653 ## - INDEX TERM--UNCONTROLLED |
| Uncontrolled term |
მეგრულ-ქართული ლექსიკონი ტ. 3 : (ტ - ჰ) |
| 700 ## - ADDED ENTRY--PERSONAL NAME |
| Personal name |
სარჯველაძე, ზ. |
| Relator term |
ტომის რედაქტორი |
| 9 (RLIN) |
7542 |
| 942 ## - ADDED ENTRY ELEMENTS (KOHA) |
| Koha item type |
წიგნი |
| Source of classification or shelving scheme |
|